At work with Grotowski on physical actions.

Saved in:
Bibliografiske detaljer
Hovedforfatter: Richards, Thomas
Format: Bog
Sprog:engelsk
Udgivet: Routledge. 1995.
Tags: Tilføj Tag
Ingen Tags, Vær først til at tagge denne postø!

MARC

LEADER 00000nam a22000007a 4500
008 211103b ||||| |||| 00| 0 eng d
020 |a 0415124913 
100 |a Richards, Thomas 
245 |a At work with Grotowski on physical actions.  |c Thomas Richards  |g  135 p. ; 
260 |b Routledge.  |c 1995.  |d Book.  |h London.  |i 296974  |i 296975.  |l PN2005.R39  |m Grotowski, Jerzy, 1933-1999--Criticism and interpretation. 
500 |a Includes bibliographical references. 
942 |a lcc  |c BK  |e Olagoke, M.A.  |f 03/11/2021 
952 |0 0  |1 0  |2 lcc  |4 0  |7 0  |9 3828  |a HOL  |b HOL  |c LP  |d 2021-11-03  |o PN2005.R39  |p 2021-67558  |r 2021-11-03 00:00:00  |t 296974  |w 2021-11-03  |y BK 
952 |0 0  |1 0  |2 lcc  |4 0  |7 0  |9 3829  |a HOL  |b HOL  |c LP  |d 2021-11-03  |o PN2005.R39  |p 2021-67559  |r 2021-11-03 00:00:00  |t 296975  |w 2021-11-03  |y BK 
999 |c 1915  |d 1915